000 00616nam a22002297a 4500
003 UA-OsUOA
001 57442
007 ta
008 20081223b un ||||| |||| 00| 0 ukr d
090 _a82.09(477)
_bІ-90
942 _cBK
040 _aUA-OsUOA
_bukr
_cUA-OsUOA
_dUA-OsUOA
245 _aІсторія української літератури
300 _a448 с.
955 _a2
041 _aukr
080 _a82.09(477)
260 _aК.
_bНаукова думка
_c1969
246 3 1 _aКн. 1
_n
650 7 _a82 Література. Літературознавство
_2UDC
999 _c343535
_d343535